Statistics for Countries Of The British Empire

Click here to take the quiz!

General Stats

  • This quiz has been taken 8,052 times
    (6,710 since last reset)
  • The average score is 47 of 73

Answer Stats

HintAnswer% Correct
D. I. 1947India
96%
D. I. 1867Canada
95%
D. I. 1901Australia
94%
D. I. 1931South Africa
92%
D. I. 1840New Zealand
91%
D. I. 1947Pakistan
89%
D. I. 1776United States
88%
D. I. 1922Ireland
87%
D. I. 1956Egypt
83%
D. I. 1963Kenya
80%
D. I. 1962Jamaica
78%
D. I. 1947Bangladesh
77%
D. I. 1980Zimbabwe
77%
D. I. 1960Nigeria
74%
D. I. 1956Sudan
74%
D. I. 1970Fiji
72%
D. I. 1973Bahamas
71%
D. I. 1963Singapore
71%
D. I. 1964Zambia
71%
D. I. 1966Barbados
70%
D. I. 1957Malaysia
70%
D. I. 1948Sri Lanka
70%
D. I. 1961Tanzania
70%
D. I. 1932Iraq
69%
D. I. 1966Lesotho
69%
D. I. 1931Namibia
69%
D. I. --UK
69%
D. I. 1957Ghana
68%
D. I. 1966Botswana
66%
D. I. 1946Israel
66%
D. I. 1962Uganda
66%
D. I. 1981Belize
65%
D. I. 1960(British) Somalia
64%
D. I. 1962Trinidad & Tobago
64%
D. I. 1970Tonga
63%
D. I. 1983St. Kitts And Nevis
62%
D. I. 1981Antigua And Barbuda
61%
D. I. 1962Samoa
61%
D. I. 1956South Sudan
61%
D. I. 1967Yemen
61%
D. I. 1960Cyprus
60%
D. I. 1997Hong Kong (Territory)
60%
D. I. 1964Malta
60%
D. I. 1978Tuvalu
60%
D. I. 1966Guyana
59%
D. I. 1946Jordan
59%
D. I. 1978Solomon Islands
59%
D. I. 1979St. Lucia
59%
D. I. 1974Grenada
58%
D. I. 1968Swaziland
58%
D. I. 1979St. Vincent & the Grenadines
57%
D. I. 1978Dominica
56%
D. I. 1979Kiribati
56%
D. I. 1968Nauru
56%
D. I. 1919Afghanistan
55%
D. I. 1964Malawi
55%
D. I. 1971United Arab Emirates
55%
D. I. 1961Kuwait
54%
D. I. 1971Qatar
54%
D. I. 1980Vanuatu
54%
D. I. 1965Gambia
53%
D. I. 1965Maldives
53%
D. I. 1971Bahrain
52%
D. I. 1976Seychelles
51%
D. I. 1901Papua New Guinea
50%
D. I. 1961Sierra Leone
50%
D. I. 1961(British) Cameroon
49%
D. I. 1984Brunei
48%
D. I. 1948Burma
48%
D. I. 1947Bhutan
47%
D. I. 1968Mauritius
45%
D. I. --Gibraltar (Territory)
30%
D. I. 1960Ivory Coast
22%

Score Distribution

Percentile by Number Answered

Percent of People with Each Score

Your Score History

You have not taken this quiz since the last reset